Experimental Investigation of the Temperature Distribution along the Two-Phase Thermosyphon Height and the Condensation Type on the Top Cover; AIP Conference Proceedings; Vol. 2337 : Thermophysical Basis of Energy Technologies (TBET 2020)
| Parent link: | AIP Conference Proceedings Vol. 2337 : Thermophysical Basis of Energy Technologies (TBET 2020).— 2021.— [020020, 4 p.] |
|---|---|
| Autor Principal: | |
| Autor Corporativo: | |
| Outros autores: | |
| Summary: | Title screen The temperature distribution along the thermosyphon height was experimentally established under the conditions of supplying the heat flow to the lower cover, which is typical of the operation of electronic equipment. It is shown that the drop condensation occurs on the condenser upper cover at heat flux of up to 1.8 kW/m2 on the lower cover of the thermosyphon evaporator. However, when the heat flux is in the range from 1.8 to 5.1 kW/m2, the drop-film condensation occurs. Режим доступа: по договору с организацией-держателем ресурса |
| Idioma: | inglés |
| Publicado: |
2021
|
| Series: | Technical thermal physics and nuclear energy |
| Subjects: | |
| Acceso en liña: | https://doi.org/10.1063/5.0046465 |
| Formato: | Electrónico Capítulo de libro |
| KOHA link: | https://koha.lib.tpu.ru/cgi-bin/koha/opac-detail.pl?biblionumber=664428 |
MARC
| LEADER | 00000naa2a2200000 4500 | ||
|---|---|---|---|
| 001 | 664428 | ||
| 005 | 20251201173254.0 | ||
| 035 | |a (RuTPU)RU\TPU\network\35612 | ||
| 035 | |a RU\TPU\network\35606 | ||
| 090 | |a 664428 | ||
| 100 | |a 20210413d2021 k||y0rusy50 ba | ||
| 101 | 0 | |a eng | |
| 135 | |a drgn ---uucaa | ||
| 181 | 0 | |a i | |
| 182 | 0 | |a b | |
| 200 | 1 | |a Experimental Investigation of the Temperature Distribution along the Two-Phase Thermosyphon Height and the Condensation Type on the Top Cover |f K. O. Ponomarev, A. Abedtazehabadi | |
| 203 | |a Text |c electronic | ||
| 225 | 1 | |a Technical thermal physics and nuclear energy | |
| 300 | |a Title screen | ||
| 320 | |a [References: 16 tit.] | ||
| 330 | |a The temperature distribution along the thermosyphon height was experimentally established under the conditions of supplying the heat flow to the lower cover, which is typical of the operation of electronic equipment. It is shown that the drop condensation occurs on the condenser upper cover at heat flux of up to 1.8 kW/m2 on the lower cover of the thermosyphon evaporator. However, when the heat flux is in the range from 1.8 to 5.1 kW/m2, the drop-film condensation occurs. | ||
| 333 | |a Режим доступа: по договору с организацией-держателем ресурса | ||
| 461 | 0 | |0 (RuTPU)RU\TPU\network\4816 |t AIP Conference Proceedings | |
| 463 | 0 | |0 (RuTPU)RU\TPU\network\35592 |t Vol. 2337 : Thermophysical Basis of Energy Technologies (TBET 2020) |o proceedings of IX All-Russian scientific conference with international participation, Tomsk, Russia, October 28-30, 2020 |f National Research Tomsk Polytechnic University (TPU) ; eds. G. V. Kuznetsov, D. V. Feoktistov, E. G. Orlova |v [020020, 4 p.] |d 2021 | |
| 610 | 1 | |a электронный ресурс | |
| 610 | 1 | |a труды учёных ТПУ | |
| 610 | 1 | |a экспериментальные исследования | |
| 610 | 1 | |a распределение | |
| 610 | 1 | |a температура | |
| 610 | 1 | |a двухфазные термосифоны | |
| 610 | 1 | |a конденсация | |
| 610 | 1 | |a тепловые потоки | |
| 610 | 1 | |a крышки | |
| 610 | 1 | |a капли | |
| 700 | 1 | |a Ponomarev |b K. O. |c specialist in the field of thermal engineering |c laboratory assistant of Tomsk Polytechnic University |f 1993- |g Konstantin Olegovich |3 (RuTPU)RU\TPU\pers\35642 | |
| 701 | 1 | |a Abedtazehabadi |b A. |g Akram | |
| 712 | 0 | 2 | |a Национальный исследовательский Томский политехнический университет |b Инженерная школа энергетики |b Научно-образовательный центр И. Н. Бутакова (НОЦ И. Н. Бутакова) |3 (RuTPU)RU\TPU\col\23504 |
| 801 | 2 | |a RU |b 63413507 |c 20210413 |g RCR | |
| 856 | 4 | |u https://doi.org/10.1063/5.0046465 | |
| 942 | |c CF | ||